Responses for show #3064 - Thursday, December 18, 1997

Contestants

Rita Graf, a labor lawyer from Alexandria, Virginia

Monica Erichsen, an educational assistant from Everett, Washington

Tim Surdyk, an undergraduate student from Seattle, Washington (whose 2-day cash winnings total $18,700)

Jeopardy! Round responses

I WISH
BARNYARD ANIMALS
AMERICAN PEAKS
COLLEGE FOOTBALL
IMPORTED CUISINE
THROUGH THE LOOKING-GLASS
    $100 7
Aladdin

Rita
    $100 2
sheep

Monica
    $100 9
Mt. McKinley

Monica
    $100 1
Rose Bowl

Monica
    $100 19
potatoes

Rita
    $100 24
364

Rita
    $200 8
star

Tim
    $200 3
goat

Monica
    $200 13
Lassen Peak or Mt. St. Helens

Rita
    $200 17
Tom Osborne

Tim
    $200 20
Wienerschnitzel

Rita
    $200 25
Tweedledee & Tweedledum

Monica
    $300 10
wishing wells

Monica
    $400 4
chicken

Monica
    $300 14
Mauna Loa

Monica
    $300 18
University of Washington

Monica
    $300 21
Nouvelle Cuisine

Rita
    $300 26
(Alex: We have less than a minute to go, Monica.)

Tiger Lily

Triple Stumper
    $400 11
Wish-Bone

Rita
    $400 5
horses

Monica
    $400 15
Adirondacks

Tim
    $400 29
Brigham Young University

Rita
    $400 22
grape leaves

Triple Stumper
    $400 27
(M: What is Down the Rabbit Hole?)

What Alice Found There

Monica
Triple Stumper
    $500 12
(Alex: I didn't know it either!)

The Monkey's Paw

Triple Stumper
    $500 6
(T: What is a chicken?)
(Alex: And I bet you $100 right now that I did not say either of those things absolutely right, but it doesn't matter!)

rooster

TimRita
    $500 16
Berkshires

Tim
    $500 30
Ed Marinaro

Rita
    $500 23
(M: What is a bistro?)

trattoria

Monica
Triple Stumper
    $500 28
Dinah

Monica

Scores at the first commercial break (after clue 15):

Tim Monica Rita
$100 $1,900 $1,200

Scores at the end of the Jeopardy! Round:

Tim Monica Rita
$800 $2,000 $2,800

Double Jeopardy! Round responses

ACTORS & ACTRESSES
FLOWERS
HAIL TO THE CHIEF
FASHION DESIGNERS
BURMA POTPOURRI
BIG WORDS
    $200 9
Howard Stern

Monica
    $200 3
Daisy

Monica
    $200 1
(Calvin) Coolidge

Rita
    $200 23
Liz Claiborne

Tim
    $200 16
Burma Shave

Monica
    $200 17
Large

Monica
    $400 12
Carole Lombard

Monica
    $400 4
Edelweiss

Monica
    $400 2
Warren G. Harding

Monica
    $400 25
Yves Saint Laurent

Monica
    $400 19
China

Monica
    $400 18
Giant

Tim
    $600 13
Barnaby Jones

Triple Stumper
    $600 5
Sunflowers

Tim
    $600 6
William Howard Taft

Rita
    $600 24
Medusa

Monica
    $600 30
George Orwell (Eric Blair)

Tim
    $600 20
Hefty

Monica
    $800 14
Helen Mirren

Monica
    $1,500 10
Forget-me-not

Monica
    $600 7
(R: Who is John Quincy Adams?)

Rutherford B. Hayes

Rita
    $800 26
(T: Who is George Harrison?)
(M: Who is Ringo Starr?)
(less than a minute to go...)

Paul McCartney

TimMonicaRita
    $800 29
U Thant

Tim
    $800 21
Obese

Rita
    $1000 15
Agnes Moorehead

Tim
    $1000 11
(Alex: We could use them here in California!)

Lilacs

Rita
    $1000 8
Chester A. Arthur

Rita
    $1000 27
Spin City

Tim
    $1000 28
Rangoon

Tim
    $1000 22
Gargantuan

Triple Stumper

Scores at the end of the Double Jeopardy! Round:

Tim Monica Rita
$5,600 $7,500 $6,600

[wagering suggestions for these scores]

Final Jeopardy! Round responses

WORLD WAR II
TimWho was John Paul Jones?
$5,599
RitaWho was John Paul Jones?
$6,599
MonicaWho is Washington?
$4,700
Patrick Henry

Final scores:

Tim Monica Rita
$1 $2,800 $1
3rd place: Samsung His & Her Evoca Cameras New champion: $2,800 2nd place: Panasonic 31-inch Superflat System TV & Klipsch Rebel Speakers

Game dynamics:

Coryat scores:

Tim Monica Rita
$5,600 $6,700 $7,200
12 R,
2 W
24 R
(including 2 DDs),
3 W
16 R,
1 W
(including 1 DD)

Combined Coryat: $19,500

The J! Archive is created by fans, for fans. The Jeopardy! game show and all elements thereof, including but not limited to copyright and trademark thereto, are the property of Jeopardy Productions, Inc. and are protected under law. This website is not affiliated with, sponsored by, or operated by Jeopardy Productions, Inc. Join the discussion at JBoard.tv.